<?xml version="1.0" encoding="UTF-8"?>
<record
    xmlns:xsi="http://www.w3.org/2001/XMLSchema-instance"
    xsi:schemaLocation="http://www.loc.gov/MARC21/slim http://www.loc.gov/standards/marcxml/schema/MARC21slim.xsd"
    xmlns="http://www.loc.gov/MARC21/slim">

  <leader>01406nab a2200253   4500</leader>
  <controlfield tag="003">AR-RoBPED</controlfield>
  <controlfield tag="005">20260423150704.0</controlfield>
  <controlfield tag="008">260423b        |||||||| |||| 00| 0 spa d</controlfield>
  <datafield tag="040" ind1=" " ind2=" ">
    <subfield code="a">AR-RoBPED</subfield>
  </datafield>
  <datafield tag="041" ind1=" " ind2=" ">
    <subfield code="a">spa</subfield>
  </datafield>
  <datafield tag="100" ind1="1" ind2=" ">
    <subfield code="a">Antonelli, Julieta</subfield>
    <subfield code="9">24888</subfield>
    <subfield code="e">Licenciadas en Ciencias Biol&#xF3;gicas</subfield>
  </datafield>
  <datafield tag="245" ind1="1" ind2=" ">
    <subfield code="a">&#xBF;Para qu&#xE9; ense&#xF1;ar sobre tantos seres vivos? </subfield>
    <subfield code="b">La diversidad como puerta de entrada a la biolog&#xED;a /</subfield>
  </datafield>
  <datafield tag="260" ind1=" " ind2=" ">
    <subfield code="a">Buenos Aires :</subfield>
    <subfield code="b">Noveduc,</subfield>
    <subfield code="c">2024</subfield>
  </datafield>
  <datafield tag="300" ind1=" " ind2=" ">
    <subfield code="a">38-41 p.</subfield>
  </datafield>
  <datafield tag="500" ind1=" " ind2=" ">
    <subfield code="a">Se propone el trabajo con el eje de Unidad y Diversidad como concepto estructurante para la ense&#xF1;anza y el aprendizaje de los contenidos biol&#xF3;gicos, entendiendo que los j&#xF3;venes que se hayan familiarizado en su recorrido educativo con el enfoque de la diversidad biol&#xF3;gica, habr&#xE1;n obtenido m&#xE1;s y mejores herramientas para la comprensi&#xF3;n de conceptos importantes e imprescindibles de la biolog&#xED;a como el origen de la vida, la evoluci&#xF3;n biol&#xF3;gica y la filogenia. </subfield>
  </datafield>
  <datafield tag="650" ind1=" " ind2="7">
    <subfield code="a">SERES VIVOS</subfield>
    <subfield code="9">40</subfield>
  </datafield>
  <datafield tag="650" ind1=" " ind2="7">
    <subfield code="a">DIVERSIDAD</subfield>
    <subfield code="9">16484</subfield>
  </datafield>
  <datafield tag="650" ind1=" " ind2="7">
    <subfield code="a">BIOLOGIA</subfield>
    <subfield code="9">29</subfield>
  </datafield>
  <datafield tag="650" ind1=" " ind2="7">
    <subfield code="a">ENSE&#xD1;ANZA DE LA BIOLOGIA</subfield>
    <subfield code="9">12928</subfield>
  </datafield>
  <datafield tag="700" ind1="1" ind2=" ">
    <subfield code="a">Diminich, Mar&#xED;a Cecilia</subfield>
    <subfield code="9">30799</subfield>
    <subfield code="e">Licenciada en Ciencias Biol&#xF3;gicas</subfield>
  </datafield>
  <datafield tag="773" ind1="0" ind2=" ">
    <subfield code="0">20414</subfield>
    <subfield code="9">41866</subfield>
    <subfield code="d">Buenos Aires :  Noveduc,  1993-</subfield>
    <subfield code="t">Novedades Educativas</subfield>
    <subfield code="w">(AR-RoBPED)20414</subfield>
    <subfield code="x">03283534</subfield>
  </datafield>
  <datafield tag="942" ind1=" " ind2=" ">
    <subfield code="2">udc</subfield>
    <subfield code="c">REV</subfield>
    <subfield code="h">37(05)</subfield>
    <subfield code="m">Nov 86 N&#xB0; 398 (Sept.2024)</subfield>
    <subfield code="a">k.32613</subfield>
  </datafield>
  <datafield tag="945" ind1=" " ind2=" ">
    <subfield code="a">mar 04/2026</subfield>
  </datafield>
  <datafield tag="999" ind1=" " ind2=" ">
    <subfield code="c">32613</subfield>
    <subfield code="d">32613</subfield>
  </datafield>
</record>
